Les grands traités politiques (Record no. 21661)

MARC details
000 -LEADER
campo de control de longitud fija 00698nam a2200193 i 4500
001 - NÚMERO DE CONTROL
campo de control 21661
003 - IDENTIFICADOR DE NÚMERO DE CONTROL
campo de control ES-MaACL
005 - FECHA Y HORA DE LA ÚLTIMA TRANSACCIÓN
campo de control 20250918195049.0
007 - CAMPO FIJO DE DESCRIPCIÓN FÍSICA--INFORMACIÓN GENERAL
campo de control de longitud fija t|
008 - DATOS DE LONGITUD FIJA--INFORMACIÓN GENERAL
campo de control de longitud fija 021127s1911 fr ||||1| fre d
100 1# - ENTRADA PRINCIPAL--NOMBRE DE PERSONA
Nombre de persona Albin, Pierre.
9 (RLIN) 19381
245 14 - MENCIÓN DEL TÍTULO
Título Les grands traités politiques
Resto del título : recueil des principaux textes diplomatiques de puis 1815 jusqu'à nos jours avec des commentaires et des notes /
Mención de responsabilidad, etc. par Pierre Albin ; préface de Maurice Herbette.
260 ## - PUBLICACIÓN, DISTRIBUCIÓN, ETC.
Lugar de publicación, distribución, etc. París :
Nombre del editor, distribuidor, etc. F. Alcan,
Fecha de publicación, distribución, etc. 1911.
300 ## - DESCRIPCIÓN FÍSICA
Extensión XI, 570 p. ;
Dimensiones 23 cm.
650 ## - PUNTO DE ACCESO ADICIONAL DE MATERIA--TÉRMINO DE MATERIA
Término de materia o nombre geográfico como elemento de entrada Relaciones internacionales.
9 (RLIN) 16783
700 1# - ENTRADA AGREGADA--NOMBRE PERSONAL
Nombre de persona Herbette, Maurice,
Fechas asociadas al nombre 1871-...
9 (RLIN) 154462
852 ## - LOCALIZACIÓN
Ubicación ES-MaACL
Número de control de estantería G-7165
Holdings
Estatus retirado Estado de pérdida Estado de daño No para préstamo Biblioteca de origen Biblioteca actual Ubicación en estantería Fecha de adquisición Fuente de adquisición Total de préstamos Signatura topográfica completa Código de barras Visto por última vez Precio de reemplazo Tipo de ítem Koha
        Biblioteca del Ateneo de Madrid Biblioteca del Ateneo de Madrid Depósito 2 17/01/2008     G-7165 1022262 23/02/2023 23/02/2023 Libro impreso